Statistics for Countries of the Top 5 Leagues Soccer Players 22/23

Click here to take the quiz!

General Stats

  • This quiz has been taken 69 times
  • The average score is 22 of 26

Answer Stats

League#Country% Correct
Bundesliga42France
98%
Ligue 1325France
98%
Serie A39France
98%
La Liga24France
98%
Premier League33France
98%
Bundesliga272Germany
98%
La Liga438Spain
98%
Premier League36Spain
98%
Premier League255United Kingdom
98%
Serie A310Italy
97%
Premier League28Portugal
94%
Ligue 121Portugal
94%
La Liga39Argentina
91%
Serie A23Argentina
91%
La Liga28Brazil
89%
Premier League36Brazil
89%
Ligue 123Brazil
89%
Serie A22Netherlands
84%
Bundesliga19Netherlands
84%
Serie A22Poland
84%
Bundesliga24Austria
72%
Bundesliga18Denmark
70%
Bundesliga18Croatia
61%
La Liga16Uruguay
61%
Ligue 122Senegal
48%
Ligue 121Algeria
42%

Score Distribution

Percentile by Number Answered

Percent of People with Each Score

Your Score History

You have not taken this quiz